States With The Largest Counties - Statistics

General Stats
  • This quiz has been taken 25 times
  • The average score is 9 of 10
Answer Stats
# State Area % Correct
2 Arizona 7,572.9
100%
5 New Mexico 3,675.7
100%
6 Utah 2,833.4
100%
3 Nevada 6,457.7
95%
4 Wyoming 4,221.4
95%
7 California 2,685.8
91%
9 Montana 2,599.0
91%
8 Oregon 2,666.3
91%
1 Alaska 8,545.7
86%
10 Maine 1,927.7
64%
No matching quizzes found
Score Distribution
Percent of People with Each Score
Percentile by Number Answered
Your Score History
You have not taken this quiz